| 000 | 00752nam a2200241Ia 4500 | ||
|---|---|---|---|
| 001 | 49913 | ||
| 005 | 20230411090001.0 | ||
| 008 | 810609s1976 caua c 001 0 eng d | ||
| 035 | _a(OCoLC)ocm07488744 | ||
| 040 |
_aCOA _cCOA |
||
| 035 | _a(OCoLC)7488744 | ||
| 090 |
_aTK7874.5 _b.S578 1976 |
||
| 049 | _aGRAL | ||
| 110 | 2 | _aSignetics (Firm) | |
| 245 | 1 | 0 | _aSignetics logic, memories, interface, analog, microprocessor, military : data manual / [Signetics Corporation] |
| 260 |
_aSunnyvale, Calif. : _bThe Corporation, _cc1976. |
||
| 300 |
_a1162 p. in various pagings : _bill. ; _c26 cm. |
||
| 650 | 0 |
_aIntegrated circuits _vCatalogs. |
|
| 740 | 0 | 1 | _aSignetics data manual. |
| 942 |
_2lcc _cbk |
||
| 994 |
_aC0 _bDRFGD |
||
| 946 | _acsexposito | ||
| 999 |
_c110414 _d110414 |
||